[Event "33. Senioren LEM Sachsen-Anhalt 65+"]
[Site "Maritim-Hotel Magdeburg"]
[Date "2025.07.08"]
[Round "2.58"]
[White "Langbein, Wolfgang"]
[Black "Peter, Volkhard"]
[Result "0-1"]
[WhiteElo "1531"]
[BlackElo "1750"]
[PlyCount "66"]
[EventDate "2025.07.07"]
[WhiteTeam "PSV Ribnitz-Damgarten"]
[BlackTeam "SV Einheit Schwerin"]

1. c4 e5 2. g3 Nc6 3. Bg2 Nf6 4. d3 Bc5 5. Nc3 O-O 6. Nf3 d6 7. O-O a6 8. Be3
Nd4 9. Bg5 h6 10. Bxf6 Qxf6 11. Ne4 Nxf3+ 12. Bxf3 Qe7 13. Nxc5 dxc5 14. Qd2 c6
15. b3 f5 16. Bg2 f4 17. Be4 Bh3 18. Bg2 Bxg2 19. Kxg2 Rad8 20. Rad1 e4 21.
gxf4 Qh4 22. Qe3 Rxf4 23. h3 Rdf8 24. Qg3 Qh5 25. dxe4 Qxe2 26. Rd7 Qxe4+ 27.
Kg1 R4f7 28. Rd6 Rf6 29. Rd7 Rg6 30. Qxg6 Qxg6+ 31. Kh2 Rf7 32. Rg1 Rxf2+ 33.
Kh1 Qe4+ 0-1